Técnicas de Producción de Radio.

Uloženo v:
Podrobná bibliografie
Hlavní autor: Keith, Michael C. (autor)
Další autoři: Pino Verdes-Montenegro, Javier del (traductor)
Médium: Kniha
Vydáno: Madrid, España: Instituto Oficial de RadioTelevisión Española, 1990.
Edice:Manuales profesionales.
Témata:
Tagy: Přidat tag
Žádné tagy, Buďte první, kdo vytvoří štítek k tomuto záznamu!

MARC

LEADER 00000nam a22000007a 4500
003 CL-VaPUC
005 20250407202446.0
008 250313t1992 ||||| |||| 00| 0 eng d
999 |c 447331  |d 447329 
020 |a 84-86984-83-1 
040 |c Pontificia Universidad Católica de Valparaíso 
082 |a 791.440232 KEI 1992 
100 |9 896839  |a Keith, Michael C.  |e autor 
245 |a Técnicas de Producción de Radio. 
260 |a Madrid, España:  |b Instituto Oficial de RadioTelevisión Española,  |c 1990. 
300 |a 316 páginas:  |b ilustraciones. 
490 |a Manuales profesionales. 
500 |a c.1. Instituto Arcos.08-01-2025. 
583 |c 20250313  |k Gabriela Rodríguez Cuevas 
650 0 |9 260680  |a Radio  |x Producción y dirección 
650 0 |9 308795  |a Radiodifusión 
700 |9 896840  |a Pino Verdes-Montenegro, Javier del  |e traductor 
942 |2 ddc  |c BK  |n 0 
952 |0 0  |1 0  |2 ddc  |4 0  |6 791_440232000000000_KEI_1992  |7 0  |8 A  |9 601220  |a BIBINC  |b BIBINC  |d 2025-03-13  |e Instituto Arcos  |i 5666077  |o 791.440232 KEI 1992  |p 5666077  |r 2025-03-13  |t 1  |w 2025-03-13  |y BK  |k IFP